000 00459nam a2200181Ia 4500
001 13655
005 20260306164817.0
008 260306t2003||||xx |||||||||||||| ||spa||
041 _aESP
082 _a005.1
_bS741
100 _aSkiena, Steven S.
_eAUT
245 0 _aProgramming challenges:
_bthe programming contest training manual
260 _c2003
300 _axix, 359 páginas :
_c
650 _aGEN
654 _aCCC
942 _cLIB
_dJUS
_fJUS
_2ddc
_n
999 _c13655
_d13655